Statistics in education and the sciences : (Record no. 17980)
[ view plain ]
| 000 -LEADER | |
|---|---|
| fixed length control field | 00570nam a22001817a 4500 |
| 003 - CONTROL NUMBER IDENTIFIER | |
| control field | OSt |
| 005 - DATE AND TIME OF LATEST TRANSACTION | |
| control field | 20140310182955.0 |
| 008 - FIXED-LENGTH DATA ELEMENTS--GENERAL INFORMATION | |
| fixed length control field | 130207t xxu||||| |||| 00| 0 eng d |
| 020 ## - INTERNATIONAL STANDARD BOOK NUMBER | |
| International Standard Book Number | 9712322327 |
| 050 ## - LIBRARY OF CONGRESS CALL NUMBER | |
| Classification number | LB 2846 |
| Item number | .C34 1998 |
| 100 ## - MAIN ENTRY--PERSONAL NAME | |
| Personal name | Calmorin, Laurentina Paler. |
| 245 ## - TITLE STATEMENT | |
| Title | Statistics in education and the sciences : |
| Remainder of title | with application to research / |
| Statement of responsibility, etc | Laurentina Paler-Calmorin, Melchor A. Calmorin. |
| 260 ## - PUBLICATION, DISTRIBUTION, ETC. (IMPRINT) | |
| Place of publication, distribution, etc | Manila : |
| Name of publisher, distributor, etc | Rex Book Store, |
| Date of publication, distribution, etc | 1998. |
| 300 ## - PHYSICAL DESCRIPTION | |
| Extent | viii, 306 p. : |
| Dimensions | 26 cm. |
| Other physical details | ill. ; |
| 521 ## - TARGET AUDIENCE NOTE | |
| Target audience note | |
| 942 ## - ADDED ENTRY ELEMENTS (KOHA) | |
| Source of classification or shelving scheme | Library of Congress Classification |
| Koha item type | Books |
| Call number prefix | Local |
| Withdrawn status | Lost status | Source of classification or shelving scheme | Damaged status | Home library | Current library | Shelving location | Date acquired | Source of acquisition | Total Checkouts | Full call number | Barcode | Date last seen | Date checked out | Copy number | Price effective from | Koha item type |
|---|---|---|---|---|---|---|---|---|---|---|---|---|---|---|---|---|
| Library of Congress Classification | College Library | College Library | Filipiniana Section | 11/27/2013 | Library Fund | 1 | LB 2846 .C34 1998 | C6698 | 05/08/2018 | 01/10/2017 | 1 | 11/27/2013 | Books | |||
| Library of Congress Classification | College Library | College Library | Filipiniana Section | 11/27/2013 | Library Fund | LB 2846 .C34 1998 | C6697 | 05/08/2018 | 2 | 11/27/2013 | Books |